Países donde el matrimonio del mismo sexo es legal - ¡Muerte súbita! - Estadísticas

Estadísticas generales
  • Esta prueba ha sido intentada 321 veces
  • La puntuación promedio es 8 de 19
Answers on the Grid
Answers color-coded by a green-red scale on the quiz's grid according to % correct below.
Arabia Saudita
Australia
Botsuana
Brasil
Bután
Canadá
China
Colombia
Costa Rica
Egipto
España
Estados Unidos
Estonia
Grecia
Haití
Honduras
India
Irlanda
Israel
Italia
Japón
México
Nueva Zelanda
Países Bajos
Polonia
Portugal
Reino Unido
Sudáfrica
Suiza
Tailandia
Taiwán
Ucrania
 
Estadísticas de respuestas
Respuesta % Correcto
España
72%
Australia
71%
Canadá
71%
Estados Unidos
66%
Brasil
52%
Irlanda
46%
Grecia
44%
Portugal
41%
Reino Unido
37%
Países Bajos
35%
Colombia
34%
Estonia
33%
México
29%
Suiza
29%
Nueva Zelanda
28%
Costa Rica
26%
Sudáfrica
19%
Tailandia
15%
Taiwán
13%
No se encontraron pruebas coincidentes
Distribución de puntuación
Porcentaje de gente con cada puntuación
Porcentaje por número respondido
Historial de tus puntuaciones
No has intentado esta prueba.